| 000 | 00585nam a22001937a 4500 | ||
|---|---|---|---|
| 005 | 20130614120049.0 | ||
| 010 | _aENG-107456 | ||
| 020 |
_a9788191055092 _c795.00 |
||
| 035 | _aEN-90989 | ||
| 037 | _bDBAD/PUB | ||
| 082 | _a303.625 | ||
| 100 | _aGarg, Suresh | ||
| 245 |
_aRise and growth of terrorism / _cby Suresh Garg |
||
| 260 |
_aNew Delhi _bShakti Publishers and Distributors _c2011 |
||
| 270 |
_aH-12, Jagat Puri, _bDelhi _e110051 |
||
| 300 |
_a280p. _c23cm(Hb) |
||
| 500 | _aIncludes bibliographical references and index | ||
| 942 |
_2ddc _cEN _mGAR _h303.625 |
||
| 999 |
_c76386 _d76386 |
||